Les artistes les plus écouté(e)s sur Spotify en 2024 - Statistiques

Statistiques générales
  • Ce quiz a été pris 126 fois
  • Le résultat moyen est 8 sur 20
Statistiques - réponses
Hint Réponse % Correct
1 Jul
84%
1 Taylor Swift
69%
3 Ninho
60%
4 Drake
57%
8 GIMS
56%
2 The Weeknd
55%
2 Werenoi
48%
6 Gazo
40%
10 Damso
37%
7 SDM
37%
5 Tiakola
37%
9 Ariana Grande
35%
3 Bad Bunny
35%
4 PLK
33%
6 Travis Scott
26%
5 Billie Eilish
25%
9 Dadju
22%
8 Kanye West
19%
7 Peso Pluma
4%
10 Feid
2%
Aucun quiz correspondant
Distribution des résultats
% des personnes avec chaque résultat
Percentile par nombre de réponses
Votre historique - résultats
Vous n’avez pas pris ce quiz